<?xml version="1.0" encoding="UTF-8"?><?xml-stylesheet type="text/xsl" href="static/style.xsl"?><OAI-PMH xmlns="http://www.openarchives.org/OAI/2.0/" xmlns:xsi="http://www.w3.org/2001/XMLSchema-instance" xsi:schemaLocation="http://www.openarchives.org/OAI/2.0/ http://www.openarchives.org/OAI/2.0/OAI-PMH.xsd"><responseDate>2026-04-17T13:22:39Z</responseDate><request verb="GetRecord" identifier="oai:www.recercat.cat:10256/17338" metadataPrefix="marc">https://recercat.cat/oai/request</request><GetRecord><record><header><identifier>oai:recercat.cat:10256/17338</identifier><datestamp>2025-07-11T06:15:27Z</datestamp><setSpec>com_2072_452955</setSpec><setSpec>com_2072_2054</setSpec><setSpec>col_2072_453071</setSpec></header><metadata><record xmlns="http://www.loc.gov/MARC21/slim" xmlns:dcterms="http://purl.org/dc/terms/" xmlns:xsi="http://www.w3.org/2001/XMLSchema-instance" xmlns:doc="http://www.lyncode.com/xoai" xsi:schemaLocation="http://www.loc.gov/MARC21/slim http://www.loc.gov/standards/marcxml/schema/MARC21slim.xsd">
   <leader>00925njm 22002777a 4500</leader>
   <datafield ind2=" " ind1=" " tag="042">
      <subfield code="a">dc</subfield>
   </datafield>
   <datafield ind2=" " ind1=" " tag="720">
      <subfield code="a">Diaz Garolera, Gemma</subfield>
      <subfield code="e">author</subfield>
   </datafield>
   <datafield ind2=" " ind1=" " tag="720">
      <subfield code="a">Pallisera, Maria</subfield>
      <subfield code="e">author</subfield>
   </datafield>
   <datafield ind2=" " ind1=" " tag="720">
      <subfield code="a">Fullana Noell, Judit</subfield>
      <subfield code="e">author</subfield>
   </datafield>
   <datafield ind2=" " ind1=" " tag="720">
      <subfield code="a">Vilà Suñé, Montserrat</subfield>
      <subfield code="e">author</subfield>
   </datafield>
   <datafield ind2=" " ind1=" " tag="720">
      <subfield code="a">Puyalto, Carol</subfield>
      <subfield code="e">author</subfield>
   </datafield>
   <datafield ind2=" " ind1=" " tag="720">
      <subfield code="a">Castro Belmonte, Montse</subfield>
      <subfield code="e">author</subfield>
   </datafield>
   <datafield ind2=" " ind1=" " tag="720">
      <subfield code="a">Rey Freire, Ana</subfield>
      <subfield code="e">author</subfield>
   </datafield>
   <datafield ind2=" " ind1=" " tag="260">
      <subfield code="c">2019-12</subfield>
   </datafield>
   <datafield ind2=" " ind1=" " tag="520">
      <subfield code="a">The purpose of this paper is to dicuss some critical issues to advance in social inclusion and&#xd;
citizen participation of people with disabilities (in particular, intelectual disabilities) within the framework of&#xd;
the Convention on the Rights of Persons with Disabilities (UN, 2006). Following the idea that education&#xd;
offers a way for the construction of citizen identity and its values, it is proposed and discussed here three&#xd;
challenges related to different articles of the CRPD, namely: 1) the right to a inclusive, equitable and quality&#xd;
education, 2) support for young people with disabilities in their process of transition to adult life, and 3) the&#xd;
right of persons with disabilities to participate in the construction of knowledge</subfield>
   </datafield>
   <datafield ind2=" " ind1=" " tag="520">
      <subfield code="a">Este artículo plantea distintas reflexiones en torno a algunos de los retos que debemos afrontar&#xd;
con el fin de potenciar la inclusión social y la participación ciudadana de las personas con discapacidad (y&#xd;
concretamente con discapacidad intelectual) en el marco de la Convención de los Derechos de las&#xd;
Personas con Discapacidad (ONU, 2006). De acuerdo con la idea que la educación ofrece una vía para la&#xd;
construcción de la identidad ciudadana y sus valores, proponemos tres desafíos relacionados con distintos&#xd;
artículos de la CDPD y que todavía constituyen un reto para nuestra sociedad: 1) el derecho a una&#xd;
educación inclusiva, equitativa y de calidad, 2) los apoyos a los jóvenes con discapacidad en su proceso&#xd;
de transición a la vida adulta, y 3) el derecho de las personas con discapacidad a participar en la&#xd;
construcción de conocimiento</subfield>
   </datafield>
   <datafield tag="653" ind2=" " ind1=" ">
      <subfield code="a">Persones amb discapacitat mental</subfield>
   </datafield>
   <datafield tag="653" ind2=" " ind1=" ">
      <subfield code="a">People with mental disabilities</subfield>
   </datafield>
   <datafield tag="653" ind2=" " ind1=" ">
      <subfield code="a">Integració social</subfield>
   </datafield>
   <datafield tag="653" ind2=" " ind1=" ">
      <subfield code="a">Social integration</subfield>
   </datafield>
   <datafield ind2="0" ind1="0" tag="245">
      <subfield code="a">Educación, inclusión social y participación ciudadana de las personas con discapacidad intelectual: desafíos en el marco de la Convención de los Derechos de las Personas con discapacidad</subfield>
   </datafield>
</record></metadata></record></GetRecord></OAI-PMH>